<?xml version="1.0" encoding="UTF-8"?>
<collection xmlns:xsi="http://www.w3.org/2001/XMLSchema-instance" xsi:schemaLocation="http://www.loc.gov/MARC21/slim http://www.loc.gov/standards/marcxml/schema/MARC21slim.xsd" xmlns="http://www.loc.gov/MARC21/slim">
 <record>
  <leader>00000ccm a22000004a 4500</leader>
  <controlfield tag="001">UP-99796217606620024</controlfield>
  <controlfield tag="003">Buklod</controlfield>
  <controlfield tag="005">20230503092542.0</controlfield>
  <controlfield tag="006">a     r    |||| u|</controlfield>
  <controlfield tag="007">qu</controlfield>
  <controlfield tag="008">010923s1978    xx |||||||||||||| |     d</controlfield>
  <datafield tag="035" ind1=" " ind2=" ">
   <subfield code="a">(iLib)UPD-00000409415</subfield>
  </datafield>
  <datafield tag="040" ind1=" " ind2=" ">
   <subfield code="a">DML</subfield>
  </datafield>
  <datafield tag="041" ind1=" " ind2=" ">
   <subfield code="a">eng</subfield>
  </datafield>
  <datafield tag="090" ind1=" " ind2=" ">
   <subfield code="a">Tape 410</subfield>
  </datafield>
  <datafield tag="110" ind1="1" ind2=" ">
   <subfield code="a">U.P. Concert Chorus</subfield>
  </datafield>
  <datafield tag="245" ind1="1" ind2="0">
   <subfield code="a">Pamaalam '78</subfield>
   <subfield code="h">[sound recording].</subfield>
  </datafield>
  <datafield tag="264" ind1=" " ind2="1">
   <subfield code="a">s.l.</subfield>
   <subfield code="b">Scotch Highlander low noise 229</subfield>
   <subfield code="c">[1978].</subfield>
  </datafield>
  <datafield tag="300" ind1=" " ind2=" ">
   <subfield code="a">1 reel.</subfield>
   <subfield code="b">7 1/2 ips., 2-track, stereo</subfield>
   <subfield code="c">7 in.</subfield>
  </datafield>
  <datafield tag="500" ind1=" " ind2=" ">
   <subfield code="a">On the occasion of its 16th anniversary and in celebration of the 70th year of the University of the Philippines</subfield>
  </datafield>
  <datafield tag="500" ind1=" " ind2=" ">
   <subfield code="a">Presented by the U.P. Concert Chorus in association with Philippine American Life. Insurance Company held at the Philamlife Auditorium, July 9, 1978.</subfield>
  </datafield>
  <datafield tag="505" ind1="0" ind2=" ">
   <subfield code="a">Ramirez, Ariel. Misa Criolla.--Schutz Heimuch. Psalm 100.--ecchi, Orazio.Fa una canzona.--Lassus, Orlandus.--Freudengesang zum Ferienbeginn.--Ravel, Maurice. Trois beaux oiseaux du paradis.--San serenu (arr. Salli Terri).--Matsuhita Shin-ich.-- Kopira fune fune.--Suliram (arr. Robert de Cormier).--Pajaro, Eliseo. Tirindingding.--Federizon, Ruben. tinig ng lupa.--Zimmermann, Heinz, Ruben. Tinig ng lupa.--Zimmermann, Heinz Werner. In that great gettin up morin'.--Dadap, Jerry. Lawiswis kawayan. Silos, Leopoldo. Lagi kita naaalala.--Pedero, Nonong. Noong unang panahon.--De Leon, Felipe. Payapang daigdig.--Suarez, Santiago.--Waray-waray.--Galalrdo, Nonoy. Saranggola ni Pepe.-_De leon, Rudolfo. Neneng.--alinsod, Rey. Ang pipit.--Umali, Restituto. Pandangguhan.--San Pedro, Lucio. Sa mahal kong bayan.--Berger, J. Brazilliam psalm.--Lotti, Antonio. Crucifixus.--Thompson, Randall. Alleluia.--Dawson, William. Soon ah will be done.--Cayabyab, Cipriano. Eclesiastes 3.--Hovhaness, A. Gloria patri, from Magnificat</subfield>
  </datafield>
  <datafield tag="650" ind1=" " ind2="4">
   <subfield code="a">Choruses, Secular (mixed voices, 4 parts) with piano).</subfield>
  </datafield>
  <datafield tag="842" ind1=" " ind2=" ">
   <subfield code="a">Music</subfield>
  </datafield>
  <datafield tag="905" ind1=" " ind2=" ">
   <subfield code="a">FO</subfield>
  </datafield>
  <datafield tag="852" ind1="0" ind2=" ">
   <subfield code="a">UPD</subfield>
   <subfield code="b">DMUS</subfield>
   <subfield code="h">Tape 410</subfield>
  </datafield>
  <datafield tag="942" ind1=" " ind2=" ">
   <subfield code="a">Music</subfield>
  </datafield>
 </record>
</collection>
